Стенограмма 8-го Заседания Совета Национальностей ЦИК СССР. /Утро/

Доступно только в Электронных читальных залах Найти на картеНа карте
RUSMARC
00004701nac2a22003013x 450
001aa3f4459-1510-4129-baac-ecc19f60fe53
00520210716232527.0
100##$a20210612l1936 k y0rusy50 ca
1010#$arus
102##$aRU
105##$ay z |||||
1220#$ad19360116
2001#$aСтенограмма 8-го Заседания Совета Национальностей ЦИК СССР. /Утро/
$j16.01.1936
215##$a69 листов
251##$cДело
300##$aЗаголовок дела на папке: 2-я сессия ЦИК Союза ССР 7-го созыва. Стенограмма Восьмого заседания Совета Национальностей ЦИК Союза ССР. 16-I-1936 г. (утреннее)
300##$aМашинописный текст
330##$aВходит в раздел описи: VII-й Съезд Советов. 2-я Сессия ЦИК СССР
461#0$1001796d4672-8a00-4986-b488-6e42273792cc
$12001
$aЦЕНТРАЛЬНЫЙ ИСПОЛНИТЕЛЬНЫЙ КОМИТЕТ СССР (ЦИК СССР)
$1251
$cФонд
$1852
$j3316
$gР
462#0$10012246e4af-064a-4b66-b386-cae0ddb7fb2d
$12001
$aДела 7-го Съезда Советов и 1-й, 2-й, 3-й, 4-й Сессий 7-го созыва. 1935-1937 гг.
$vД. 128
$1251
$cОпись
$1852
$j7
5171#$a2-я сессия ЦИК Союза ССР 7-го созыва. Стенограмма Восьмого заседания Совета Национальностей ЦИК Союза ССР. 16-I-1936 г. (утреннее)
60101$3RU\NLR\AUTH\880357276
$aСССР
$bЦИК
60102$3RU\NLR\AUTH\880399376
$aСССР
$bЦИК
$bСозыв
$c7
$bСессия
$d2
60102$aСССР. ЦИК. Созыв (2). Сессия (2). Заседание Совета национальностей (8)
60101$3RU\NLR\AUTH\880398223
$aСССР
$bЦентральный исполнительный комитет
$bСовет национальностей
801#0$aRU
$bGA_RF
801#1$aRU
$bГлавНИВЦ
$c20210612
$2rusmarc
801#2$aRU
$bПБ им. Б.Н. Ельцина
$c20210716
$gRCR
$2rusmarc
852##$aГА РФ
$j128
937##$d166327725
$hГАРФ
035##$aRuPRLIB51060575
856##$uhttp://readingroom.main.prlib.ru/item.aspx?id_node=n166327725&mode=full
Формат отображения